000
00334nam a2200145Ia 4500
008
240112s2013 xx 000 0 und d
022
_a
900036
041
_a
eng
082
_a
614.05
100
_a
TROUTMAN A
245
_a
AMERICAN JOU OF PUBLIC HEALTH
260
_b
APHA
_c
2013
300
_a
1-189 HB
_c
1.3.4 SUP
440
_v
103
999
_c
1144034
_d
1144034